ICT and economic growth evidence from OECD countries, industries and firms

Saved in:
Bibliographic Details
Format: Book
Language:English
Published: Paris OECD 2003
Series:Information and communications technologies
Subjects:
Tags: Add Tag
No Tags, Be the first to tag this record!

MARC

LEADER 00000nam$a2200000$$$4500
001 0020383
005 20240315120738.1
020 |a 92-64-10128-4 
041 0 |a eng 
044 |a FR 
245 1 0 |a ICT and economic growth  |b evidence from OECD countries, industries and firms 
264 1 |a Paris  |b OECD  |c 2003 
300 |a 102 s. 
490 1 |a Information and communications technologies 
830 0 |a Information and communications technologies 
610 2 0 |a technológie informačné 
610 2 0 |a technológie komunikačné 
610 2 0 |a rast hospodársky 
610 2 0 |a rast produktivity práce 
610 2 0 |a rast podniku 
610 2 0 |a služby informačné 
610 2 0 |a porovnanie medzinárodné 
610 2 0 |a svet